• 首页
  • 本馆介绍
  • 公告通知
  • 最新文献
  • 馆藏检索
  • 电子资源
  • 读者导购
  • 参考咨询
  • 我的图书馆
  • 登录
  • 详细信息显示
  • 放入我的书架
  • 预约/预借图书
  • 作者相关作品
  • 分类相关作品
  • 丛书相关作品
  • 出版社相关作品

书目信息

  • 表格格式
  • 工作单格式
  • 卡片格式
书名: 流体动力学导论
作者: (英)George K.Batchelora著.
分册号:
分册名:
出版地: 北京 :
 
出版社: 机械工业出版社
出版时间: 2004.
页数: 614 p. ;
开本: 26cm.
丛书名:
中图分类号:
科图分类号:
其他分类号: O351.2
主题词:
电子资源:
000 00649nam 2200205 a 4500
001 E0759880556
005 20070306164359.09
008 070306s2004 00010 eng
020    @a7-111-13993-3 :@cCNY66.00.
040    @aPFT@bchi
090    @aO351.2
099    @dO351.2@ex2
245    @a流体动力学导论 :@bAN INTRODUCTION TO FLUID DYNAMICS / @c(英)George K.Batchelora著.
246    @aAN INTRODUCTION TO FLUID DYNAMICS
250    @a影印本.
260    @a北京 :@b机械工业出版社,@c2004.
300    @a614 p. ;@c26cm.
500    @a经典原版书库
500    @a本书由英国剑桥大学出版社授权出版,本版本仅限中华人民共和平国境内
700    @aBatchelora,George K.
    
    流体动力学导论 : : AN INTRODUCTION TO FLUID DYNAMICS / / (英)George K.Batchelora著.-影印本.-北京 : : 机械工业出版社, , 2004.
    614 p. ; ; 26cm.
    经典原版书库.-本书由英国剑桥大学出版社授权出版,本版本仅限中华人民共和平国境内
    
    ISBN 7-111-13993-3 :CNY66.00.
    
●
相关链接 在E读中查询图书 在五车中查询图书 在当当中查询图书 在豆瓣中查询图书


正题名:流体动力学导论     索取号:O351.2/x2         预约/预借

序号 登录号 条形码 馆藏地/架位号 状态 备注
1 000347   300003476   第二样本阅览室/ [索取号:O351.2/x2] 在馆    
2 000348   300003485   第四借阅区/ [索取号:O351.2/x2] 在馆    
3 000349   300003494   第四借阅区/ [索取号:O351.2/x2] 在馆    
唐山师范学院图书馆 欢迎您!
大连网信软件有限公司© 版权所有